| 000 | 01343nam a2200289 a 4500 | ||
|---|---|---|---|
| 003 | BLK | ||
| 005 | 20250403165503.0 | ||
| 008 | 190909b bu ||||| |||| 00| 0 bu d | ||
| 020 | _a9786191514489 | ||
| 040 | _aBLK | ||
| 041 |
_aBUL _cBUL |
||
| 080 |
_aЖивопис - художници _b75.071.1 _x(450)(092) _z75.071.1 |
||
| 080 |
_aИталиански архитект, изобретател, инженер, скулптор и художник от епохата на Ренесанса _b929 Леонардо да Винчи _z929 Леонардо да Винчи |
||
| 100 |
_aАйзаксън, Уолтър _eпърви автор _91299 |
||
| 139 | _bЛ 46 | ||
| 245 |
_aЛеонардо да Винчи _cУолтър Айзъксън ; прев. Марин Загорчев |
||
| 260 |
_9209582 _aСофия _bСофтПрес _c2018 _f[Добрич] : [Фолиарт] |
||
| 300 |
_a536 с. _bс цв. ил., портр., факс. _c24 см |
||
| 380 | _a7 | ||
| 500 | _aОриг. загл.: Leonardo da Vinci / Walter Isaacson За автора: с. 535 Азб. показалец | ||
| 700 |
_aЗагорчев, Марин Иванов _d1972- _9368351 |
||
| 852 | _aЦб 296625 | ||
| 942 |
_cKNG _n0 _s1 _03 |
||
| 944 |
_aCR _c2019-09-09 _k30542 _lРусанова Ирена |
||
| 999 |
_c334424 _d334424 |
||
| 999 | _d334424 | ||
| 999 | _d334424 | ||